| 000 | 00675nam a2200217 i 4500 | ||
|---|---|---|---|
| 001 | 124553 | ||
| 003 | ES-MaACL | ||
| 007 | t| | ||
| 008 | 070329s1936 sp ||||1| spa d | ||
| 080 | _a341.9 | ||
| 100 | 1 |
_aWolff, Martin. _9117259 |
|
| 245 | 1 | 0 |
_aDerecho internacional privado / _cMartin Wolff ; traducción de José Rovira y Ermengol. |
| 260 |
_aBarcelona : _bLabor, _c[1936] |
||
| 300 |
_a375 p. ; _c17 cm. |
||
| 490 | 1 |
_aColección Labor ; _v387-88 |
|
| 650 | 1 | 7 |
_aDerecho internacional privado _2embne _911721 |
| 700 | 1 |
_aRovira y Ermengol, José. _9100159 |
|
| 830 | 0 | 0 |
_aColección Labor _v387-88 _9184254 |
| 852 |
_aES-MaACL _jE-2857 |
||
| 999 |
_c124553 _d124553 |
||